Score 0/20 Timer 03:00
0 Plays Today
Hint Answer % Correct
PNIASSpain
94%
NICHAChina
93.6%
EUPRPeru
92.7%
EGINRNiger
89.5%
NOAMMoan
86.5%
EUPRPure
85.1%
NOAMOman
82.9%
NEEYMYemen
81%
OLSALaos
80.4%
LAYITItaly
76%
Hint Answer % Correct
PNIASPains
72.1%
NICHAChain
70.1%
OLSAAlso
68.9%
GALIREAAlgeria
63%
EGINRReign
48.6%
TIREEAREritrea
48.2%
NEEYMEnemy
46.6%
LAYITLaity
21.3%
GALIREARegalia
14.5%
TIREEARTearier
3.1%
Remove Ads.
Support Sporcle.
Get the best of Sporcle when you Go Orange. This ad-free experience offers more features, more stats, and more fun while also helping to support Sporcle. Thank you for becoming a member.

You're not logged in!

Compare scores with friends on all Sporcle quizzes.
OR
Log In

Show Comments

Extras

Top Quizzes Today


Score Distribution

Your Account Isn't Verified!

In order to create a playlist on Sporcle, you need to verify the email address you used during registration. Go to your Sporcle Settings to finish the process.

Report this User

Report this user for behavior that violates our Community Guidelines.

Details: